Ochrana domácich zvierat pred chorobami /

Uložené v:
Podrobná bibliografia
Hlavný autor: Hovorka, Ján, 1914-2002 (Author)
Médium: Kniha
Jazyk:Slovak
Vydané: Turčiansky Sv. Martin : Matica slovenská, 1950.
Vydanie:1. vyd.
Edícia:Praktická knižnica matičného čitania sv. 24
Fyzický popis: 153 s. ;.
Tagy: Pridať tag
Žiadne tagy, Buďte prvý kto otaguje tento záznam!

MARC

LEADER 00000nam a22000001 4500
001 000216607
005 20090912120754.0
008 020310s1950 xo e 000 0 slo d
040 |a SVKKK  |b slo  |c SVKKK  |e AACR2 
041 0 |a slo 
044 |a xo  |c SK 
100 1 |a Hovorka, Ján,  |d 1914-2002  |4 aut 
245 1 0 |a Ochrana domácich zvierat pred chorobami /  |c Ján Hovorka. 
250 |a 1. vyd. 
260 |a Turčiansky Sv. Martin :  |b Matica slovenská,  |c 1950. 
300 |a 153 s. ;. 
490 1 |a Praktická knižnica matičného čitania  |v sv. 24 
500 |a 7000 výt. 
500 |a Ilustrováno 
830 0 |a Praktická knižnica matičného čitania  |v sv. 24 
910 |a svkkk 
998 |a BK 
090 |g SCKHL  |k Sklad Pribinova 2. posch.  |a II.126408  |j 275659  |i 216607-10  |s Prezenčne